Warlpiri morpho-syntax : a lexicalist approach
| Published in: | Studies in natural language and linguistic theory |
|---|---|
| Main Author: | |
| Content type: | Book |
| Published: |
Dordrecht [etc.]:
Kluwer Academic
1991
|
| Series: | Studies in natural language and linguistic theory ; 23 |
| Source: | MPIPL_cat |
MARC
| LEADER | 00000nam a2200000 ub4500 | ||
|---|---|---|---|
| 001 | PL0005747 | ||
| 003 | PLI01000000000000000005663 | ||
| 005 | 00000000000000.0 | ||
| 008 | ||| u | ||
| 020 | |a 0-7923-1292-9 | ||
| 020 | |a 9780792312925 | ||
| 090 | |a 209-Sim/1 | ||
| 090 | |a 209-Sim/2 | ||
| 100 | 1 | |a Simpson, J. | |
| 245 | 0 | 0 | |a Warlpiri morpho-syntax |b a lexicalist approach |c J. Simpson |
| 260 | |a Dordrecht [etc.] |b Kluwer Academic |c 1991 | ||
| 300 | |a XVII, 491 P. | ||
| 490 | 0 | |a Studies in natural language and linguistic theory |v 23 | |
| 650 | 4 | |a Walbiri language-Morphology Walbiri language-Syntax | |
| 830 | 0 | |w PL0000540 | |
| 852 | |c 209-Sim/1 |m BOOK |c 209-Sim/2 |m BOOK | ||